1430 1471 1252 1945 1784 1426 1386 1516 1765 1912 1258 1339 1598 1775 1799 1978 1844 1850 1729 1068 1934 1694 1932 1527 1325 1348 1673 1990 1231 1204 1743 1258 1631 1683 1902 1872 1245 1154 1775 1873 1120 1683 1908 1064 1435 1168 1450 1765 1534 1441 1198 1271 1877 1620 1106 1750 1714 1019 1104 1760 1352 1717 1353 1884 1929 1324 1636 1570 1020 1163 1684 1354 1346 1018 1458 1990 1705 1613 1188 1947 1821 1243 1866 1970 1003 1014 1046 1084 1743 1843 1881 1010 1539 1645 1120 1843 1862 1398 1899 BCNSPRNW ULIB Ver.6.0+V

เปลี่ยนเป็นภาษาไทย

Change to English
 แสดงรายละเอียดบรรณานุกรม
  กลับหน้าหลัก

Brief Record : Get Marc (ISO 2709) : E-mail record : QR code < ปิดหน้าต่าง
LEADER : 00000nam 2200000uu 4500
001    13399123218
003     ULIB
008    020711s2551 th a 000 0 tha d
020    9789748458342
090    นว.^bร111ล
100    รัมย์
245    เล่ห์รักตามหลักแสบ /^cรัมย์
250    พิมพ์ครั้งที่ 1
260    กรุงเทพฯ :^b1168พับลิชชิ่ง,^c2551
300    190 หน้า;^b21 ซม.
710    1168พับลิชชิ่ง
945    ^p149^l0^i20354
999    ^aทศพร เกษรทอง
รายการนี้ยังไม่มีแท็ก
คุณยังไม่ได้ล็อกอิน คุณสามารถมีกิจกรรมร่วมกับเว็บไซต์ได้ แต่ต้องล็อกอินก่อน ::
  ล็อกอิน

รายการสื่อสารสนเทศ

ลำดับที่ ประเภท เลขเรียก/บาร์โค้ด สถานที่ สถานะ
1. นวนิยาย
นวนิยาย
นว. ร111ล ฉ.1 
  Barcode: 20354
ห้องสมุดวิทยาเขตนครสวรรค์
►นวนิยาย:l:Fiction
บนชั้น

รายการใกล้เคียง
    ผู้แต่ง [รัมย์]

BibComment


ยังไม่เคยถูกคอมเมนท์

คอมเมนท์ทรัพยากรรายการนี้
  คอมเมนท์: เล่ห์รักตามหลักแส..


 Copyright 2026. Bcnsprnw @Library